000 00697nam a2200289Ia 4500
005 20260324135949.0
008 008 260324s9999 xx 000 0 eng d
020 _a9780203810651
037 _aEBOOK
040 _aCRL
040 _beng
040 _cCRL
041 _2eng
041 _aeng
084 _qCRL
100 _aPaul Prior
_91202599
245 0 _aWriting/Disciplinarity
245 2 _bA Sociohistoric Account of Literate Activity in the Academy
260 _bTaylor and Francis
260 _c1999
365 _a
365 _b230
856 _uhttp://www.taylorfrancis.com/books/9780203810651
942 _cEBOOK
999 _c1804177
_d1804177